01565nam a2200349Ia 4500001001200000003000800012006001900020007001500039008004100054010001700095020004100112020001800153020001800171040002100189035002100210050002400231245012400255260005100379300002300430490004200453500014900495504005300644533015200697650004300849650003700892655002900929700004900958700002201007710001701029830004301046856012601089ebr10216980CaPaEBRm u cr cn|||||||||950308s1995 ilua sb 101 0 eng d z 95011716  z0226261603 (cloth : acid-free paper) z9780226261607 z9780226261843 aCaPaEBRcCaPaEBR a(OCoLC)29052340414aHD4906b.D53 1995eb00aDifferences and changes in wage structuresh[electronic resource] /cedited by Richard B. Freeman and Lawrence F. Katz. aChicago :bUniversity of Chicago Press,c1995. aix, 461 p. :bill.1 aNBER Comparative labor markets series a"Papers ... presented at conferences held at the Center for Economic Performance (CEP) of the London School of Economics and at the NBER"--Pref. aIncludes bibliographical references and indexes. aElectronic reproduction.bPalo Alto, Calif. :cebrary,d2009.nAvailable via World Wide Web.nAccess may be limited to ebrary affiliated libraries. 0aLabor costsvCase studiesvCongresses. 0aWagesvCase studiesvCongresses. 7aElectronic books.2local1 aFreeman, Richard B.q(Richard Barry),d1943-1 aKatz, Lawrence F.2 aebrary, Inc. 0aNBER Comparative labor markets series.40uhttp://site.ebrary.com/lib/rucke/Doc?id=10216980zAn electronic book accessible through the World Wide Web; click to view